Rice- fish farming system in takeo province under supported by LWS ប្រព័ន្ធកសិកម្មដំណាំស្រូវ-​ចិញ្ចឹមត្រីក្នុងខេត្ដតាកែវក្រោមការជួយឧបត្ថម្ភរបស់អង្គការ LWS​ (Record no. 354)

000 -LEADER
fixed length control field 00775nam a22001697a 4500
003 - CONTROL NUMBER IDENTIFIER
control field OSt
005 - DATE AND TIME OF LATEST TRANSACTION
control field 20170103214551.0
008 - FIXED-LENGTH DATA ELEMENTS--GENERAL INFORMATION
fixed length control field 150913b xxu||||| |||| 00| 0 eng d
040 ## - CATALOGING SOURCE
Transcribing agency RUA
082 ## - DEWEY DECIMAL CLASSIFICATION NUMBER
Classification number AGR KON 1997 B019 Or.1
100 ## - MAIN ENTRY--PERSONAL NAME
9 (RLIN) 373
Personal name KONG, THYRITH.
245 ## - TITLE STATEMENT
Title Rice- fish farming system in takeo province under supported by LWS ប្រព័ន្ធកសិកម្មដំណាំស្រូវ-​ចិញ្ចឹមត្រីក្នុងខេត្ដតាកែវក្រោមការជួយឧបត្ថម្ភរបស់អង្គការ LWS​
260 ## - PUBLICATION, DISTRIBUTION, ETC. (IMPRINT)
Place of publication, distribution, etc. Phnom Penh
Name of publisher, distributor, etc. RUA
Date of publication, distribution, etc. 1997
300 ## - PHYSICAL DESCRIPTION
Extent 76p.
Other physical details ill.
Dimensions 29cm.
856 ## - ELECTRONIC LOCATION AND ACCESS
Uniform Resource Identifier https://drive.google.com/file/d/0B53rhQVaMAr3WWdHRFNKWl9lamM/view?usp=sharing
942 ## - ADDED ENTRY ELEMENTS (KOHA)
Source of classification or shelving scheme
Koha item type AGR
Holdings
Price effective from Date last seen Permanent Location Not for loan Date acquired Source of classification or shelving scheme Koha item type Lost status Withdrawn status Date last checked out Total Checkouts Shelving location Damaged status Barcode Current Location Full call number
2015-09-132017-08-12Library Block B 2015-09-13 AGR  2017-08-021B019 RUA003105Library Block BAGR KON 1997 B019 Or.1
2015-09-132018-10-22Library Block B 2015-09-13 AGR  2018-10-032B019 RUA003103Library Block BAGR KON 1997 B019 Or.2
2015-09-132016-03-24Library Block B 2015-09-13 AGR  2016-03-181B019 RUA003538Library Block BAGR KON 1997 B019 Or.3
2015-09-132019-10-22Library Block B 2015-09-13 AGR  2019-10-182B019 RUA003466Library Block BAGR KON 1997 B019 Or.4
មជ្ឈមណ្ឌលឯការនៃសាកលវិទ្យាល័យភូមិន្ទកសិកម្មចំការដូង

Powered by Koha